Skleník s reštauráciou, Island

Na minha lista:
Detalhes bibliográficos
Autor principal: Urban, Rainer (Author)
Outros Autores: Nádaská, Zuzana (Thesis advisor)
Formato: Manuscrito Livro
Idioma:eslovaco
Publicado em: 2022
Assuntos:
Acesso em linha:http://is.stuba.sk/zp/portal_zp.pl?podrobnosti=164912
https://opac.crzp.sk/?fn=detailBiblioForm&sid=D9F0BB0A8DA9926980A899D31B33
Tags: Adicionar Tag
Sem tags, seja o primeiro a adicionar uma tag!

MARC

LEADER 00000ntm a22000003a 4500
001 stuzp88943
003 SK-STU
005 20230510092258.1
007 ta
008 150427s2015----xo-----f-mn---000-0-slo-d
040 |a STU  |b slo 
041 0 |a slo 
100 1 |a Urban, Rainer  |u 010310  |4 aut  |U SvF Stavebná fakulta  |T SvF Katedra architektúry  |X 75601  |U V181|V310  |Y 19  |7 75601 
242 0 1 |a Iceland Greenhouse Restaurant  |y eng 
245 1 0 |a Skleník s reštauráciou, Island 
260 |c 2022 
650 4 |a reštaurácia  |2 slo 
650 4 |a skleník  |2 slo 
650 4 |a Island  |2 slo 
650 4 |a restaurant  |2 eng 
650 4 |a greenhouse  |2 eng 
650 4 |a Iceland  |2 eng 
700 1 |a Nádaská, Zuzana  |u 010310  |k Z1  |4 ths  |U SvF Stavebná fakulta  |T SvF Katedra architektúry  |X 790  |U V181|V310  |Y 19  |7 A000000790 
856 4 |u http://is.stuba.sk/zp/portal_zp.pl?podrobnosti=164912 
856 4 |u https://opac.crzp.sk/?fn=detailBiblioForm&sid=D9F0BB0A8DA9926980A899D31B33